000 00459nam a2200181Ia 4500
008 240925s9999 xx 000 0 und d
020 _a9780849333262
082 _a620.5 BUS
100 _aBusnaina, Ahmed
245 0 _aNanomanufacturing Hand Book
250 _aNA
260 _aBoca Raton:
_bCRS Press
_c,2007.
300 _a321p.
_bN.A
_fOriginal
500 _aIncludes Index
600 _aElectrical Engineering
650 _aTechnology
942 _cBK
999 _c10571
_d10571